Lady Gaga de A à Z - Statistiques

Statistiques générales
  • Ce quiz a été pris 138 fois
    6 depuis la dernière actualisation
  • Le résultat moyen est 15 sur 24
Statistiques - réponses
Lettre Titres % Correct
A Alejandro/Americano/Aura/ARTROP/Applause/Anything Goes/A-YO/Angel Down/Angel Down/Alibi/Always Remember Us This Way/Alice/Abracadabra
100%
S Starstruck/Summerboy/Speechless/So Happy I Could Die/Scheiße/Sexxx Dreams/Swine/Sophisticated Lady/Sinner's Prayer/Soewhere Over The Rainbow/Shallow/Stupid Love/Sour Candy/Sine From Above/So In Love/Smile/Shadow of A Man/Shape of Woman
100%
T The Fame/Telephone/Teeth/The Edge of Glory/The Queen/They All Laughed/Too Far Gone/That's Entertainment/The Joker/That's Life/The Dead Dance/The Beast
100%
B Beautiful, Dirty, Rich/Boys Boys Boys/Brown Eyes/Bad Romance/Born This Way/Black Jesus + Amen Fashion/Bloody Mary/Bad Kids/But Beautiful/Bang Bang/Black Eyes/Before I Cry/Babylon/Blade of Grass
83%
J Just Dance/Judas/Jewels N' Drugs/Joanne/John Wayne/Just Another Day/Just One of Those Things
83%
M Money Honey/Monster/Marry the Night/MANiCURE/Mary Jane Holland/Million Reasons/Maybe It's Time/Music To My Eyes
83%
P Paparazzi/Poker Face/Paper Gangsta/Perfect Illusion/Parking Lot/Platic Doll/Perfect Celebrity
83%
# 911/1000 Doves
67%
D Disco Heaven/Dance In the Dark/Donatella/Dope/Don't Wait Too Long/Diamond Heart/Dancin' In Circles/Diggin' My Grave/Do I Love You/Dream Dancing/Disease/Don't Call Tonight/Die With A Smile
67%
L LoveGame/Lush Life/Let's Face the Music and Dance/La Vie en Rose/Look What I Found/Love For Sale/Let's Do It/LoveDrug
67%
R Rain on Me/Replay/Runway
67%
Y Yoü and I/You're The Top
67%
Z Zombieboy
67%
C Cheek to Cheek/Come To Mama/Close To You/Can't Stop the High
50%
E Eh, Eh/Electric Chapel/Ev'ry Time We Say Goodbye/eNIGMA
50%
F Fashion of His Love/Fashion!/Firefly/Fabulous French/Free Woman/Fun Tonight/Folie à Deux
50%
G Government Hooker/G.U.Y/Gypsy/Goody Goody/Giorgio Girls/Good Morning/ Get Happy/Gonna Build A Mountain/Garden of Eden/Glamorous Life/
50%
H Hair/Highway Unicorn/Heavy Metal Lover/Hey Girl/Heal Me/Hair Body Face/Happy Mistake/How Bad Do U Want Me
50%
I I Like It Rough/I Can't Give You Anything But Love/I Won't Dance/It Don't Mean a Thing/I Don't Know What Love Is/Is That Alright?/I'll Never Love Again/It's De-Levely/I've Got You Under My Skin/I Get A Kick Out Of You/If My Friends Could See Me Now
50%
K Killah/Kill For Love
50%
V Venus/Vanish into You
50%
W Why Did You do That?
50%
N Nature Boy/Night And Day
0%
O Out Of Time/Oh, When On A String
0%
Aucun quiz correspondant
Distribution des résultats
% des personnes avec chaque résultat
Percentile par nombre de réponses
Votre historique - résultats
Vous n’avez pas pris ce quiz depuis la dernière actualisation